UM Logo

Fraud data analytics methodology: (Record no. 13820)

MARC details
000 -LEADER
fixed length control field 00687nam a22001817a 4500
008 - FIXED-LENGTH DATA ELEMENTS--GENERAL INFORMATION
fixed length control field 190422b ||||| |||| 00| 0 eng d
020 ## - INTERNATIONAL STANDARD BOOK NUMBER
International Standard Book Number 9781119270348
082 ## - DEWEY DECIMAL CLASSIFICATION NUMBER
Edition number 2016
Classification number AV-Eb 658.473
Item number V945
100 ## - MAIN ENTRY--PERSONAL NAME
Personal name Vona,Leonard W.
9 (RLIN) 38418
245 ## - TITLE STATEMENT
Title Fraud data analytics methodology:
Remainder of title the fraud scenario approach to uncovering fraud in core business systems /
Statement of responsibility, etc. Leonard W. Vona
260 ## - PUBLICATION, DISTRIBUTION, ETC. (IMPRINT)
Name of publisher, distributor, etc. John Wiley & Sons, Incorporated,
Date of publication, distribution, etc. ©2016.
300 ## - PHYSICAL DESCRIPTION
Extent 403 pages;
440 ## - SERIES STATEMENT/ADDED ENTRY--TITLE
Title Wiley Corporate F&a Ser.
9 (RLIN) 38001
500 ## - GENERAL NOTE
General note Includes index.
650 ## - SUBJECT ADDED ENTRY--TOPICAL TERM
Topical term or geographic name as entry element Auditing.
9 (RLIN) 38419
856 ## - ELECTRONIC LOCATION AND ACCESS
Link text https://ebookcentral.proquest.com/lib/uniofmindanao-ebooks/detail.action?docID=4771464
942 ## - ADDED ENTRY ELEMENTS (KOHA)
Source of classification or shelving scheme Dewey Decimal Classification
Koha item type Ebooks
Holdings
Withdrawn status Lost status Source of classification or shelving scheme Damaged status Not for loan Home library Current library Shelving location Date acquired Source of acquisition Total Checkouts Full call number Barcode Date last seen Copy number Price effective from Koha item type
    Dewey Decimal Classification     UM Digos College - LIC UM Digos College - LIC Processing Center 04/22/2019 Downloaded   AV-Eb 658.473 V945 Eb183 04/22/2019 1 04/22/2019 Ebooks